Statistics for Biggest Cities on the Colorado River

Click here to take the quiz!

General Stats

  • This quiz has been taken 32 times
  • The average score is 4 of 9

Answers on the Map

Answers color-coded by a green-red scale on the quiz's map according to % correct below.
 

Answer Stats

StatePopulationCity% Correct
Arizona97,093Yuma
94%
Colorado66,964Grand Junction
72%
Arizona57,144Lake Havasu City
69%
California18,317Blythe
44%
Arizona42,232Bullhead City
44%
Arizona37,333San Luis
44%
Sonora176,685San Luis Río Colorado
31%
Arizona16,190Fort Mohave
19%
Colorado20,500Clifton
16%

Score Distribution

Percentile by Number Answered

Percent of People with Each Score

Your Score History

You have not taken this quiz